Statistiques concernant Charades pays

Cliquez ici pour prendre le quiz!

Statistiques générales

  • Ce quiz a été pris 78 fois
  • Le résultat moyen est 2 sur 5

Statistiques - réponses

HintRéponse% Correct
Mon premier me fait chercher des œufs --- Mon deuxième est commun à l’ébéniste, au biologiste et à l’utopiste --- Mon troisième est fêté lorsqu’il est nouvelPakistan
78%
Mon premier dément les faits --- Mon deuxième est une précieuse unité de poids --- Mon troisième est une chaussée submersible françaiseNicaragua
75%
Mon premier est une danse romantique --- Ma deuxième est sans issue, inféconde, … --- Mon troisième me permet de passer du gentilé à l’intitulé de ce paysSlovénie
59%
Ma première est payée pour une prestation pas encore effectuée --- Ma deuxième raccorde les rayons, pour que tout tourne bien rond --- Mon troisième est l’acronyme immatriculant les étudiantsArgentine
25%
Mon premier caractérise un bon nombre d’animaux --- Ma deuxième est synonyme de confort, et pourrait être l’antonyme de mon premier --- Mon troisième est le suffixe majoritairement utilisé pour les pays du mondeMalaisie
7%

Distribution des résultats

Percentile par nombre de réponses

% des personnes avec chaque résultat

Votre développement - résultats

Vous n’avez pas pris ce quiz